000 00517nam a2200169 a 4500
001 17117
005 20180713210219.0
008 140415s1996 000 0 spa d
020 _a9682445132
041 _aspa
082 _a153
_bSAN
100 1 _aSANCHEZ, MARGARITA A. DE
245 1 0 _aDESARROLLO DE HABILIDADES DEL PENSAMIENTO :
_bPROCESOS DIRECTIVOS, EJECUTIVOS Y DE ADQUISICION DE CO...
260 _a[s.l.] :
_bTRILLAS,
_c1996
300 _a430
650 1 4 _aCOGNICION
_xHABILIDADES CREATIVA
999 _c17117
_d17117